000 01000 a2200193 4500
003 Nust
005 20230314111100.0
040 _cNust
082 _a410,BRO
100 _aBrooks, Nelson
_9110241
245 _aLanguage and Language Learning /
_cNelson Brooks,
250 _a2nd ed
260 _aNew York
_bHarcourt Brace & world
_c1964
300 _a299: p
505 _aTheory of Language (Page-1), Language and Talk (Page-24), Mother Tongs and Second Language (Page-35), Language Learning (Page-45), Language Teaching (Page-60), Language Culture (Page-82), Language and Literature (Page-97), Objectives of the Language Course (Page-107), Continuity for the Learner (Page-113), Methods and Materials (Page-140), Pattern Practices (Page-152), Reading and Writing (Page-164), Vocabulary (Page-180), The Language Laboratory (Page-189), Tests and Measurements (Page-226), Building a Profession (Page-226).
538 _aAlmirah No.55, Shelf No.5
650 _aanguage
_9110242
942 _2ddc
_cBK
999 _c188525
_d188525